Systémová analýza a navrhování automatizovaného zpracování ekonomických dat /
Uloženo v:
| Hlavní autor: | |
|---|---|
| Médium: | Kniha |
| Jazyk: | čeština |
| Vydáno: |
Praha:
Státní pedagogické nakladatelství,
1973
|
| Vydání: | 1. vydání |
| Témata: | |
| On-line přístup: |
|
| Tagy: |
Přidat tag
Žádné tagy, Buďte první, kdo vytvoří štítek k tomuto záznamu!
|
MARC
| LEADER | 00000nam a22000007 4500 | ||
|---|---|---|---|
| 003 | SK-BrCVT | ||
| 005 | 20240304084531.0 | ||
| 008 | 200622s1973 xr al f p 000 0 cze d | ||
| 020 | |q (brož.) | ||
| 040 | |a SVKPO |b slo |c SVKPO |e rda |d CVT | ||
| 041 | 0 | |a cze | |
| 044 | |a xr |c CZ | ||
| 072 | 7 | |2 CVT |a 33 | |
| 080 | 1 | |a 33 |2 2011 | |
| 080 | 1 | |a 004.4 |2 2011 | |
| 100 | 1 | |a Hýbl, Jaroslav |4 aut |d 1909- | |
| 245 | 1 | 0 | |a Systémová analýza a navrhování automatizovaného zpracování ekonomických dat / |c Jaroslav Hýbl |
| 250 | |a 1. vydání | ||
| 260 | |a Praha: |b Státní pedagogické nakladatelství, |c 1973 | ||
| 300 | |a 127 s. : |b obr., tab. ; |c 29 cm | ||
| 336 | |a text |b txt |2 rdacontent | ||
| 337 | |a bez média |b n |2 rdamedia | ||
| 338 | |a zväzok |b nc |2 rdacarrier | ||
| 366 | |e 300 ks | ||
| 500 | |a Vysoká škola ekonomická v Praze, Fakulta národohospodářská | ||
| 653 | |a ekonómika | ||
| 653 | |a systémy | ||
| 910 | |b S307874 | ||
| 959 | |a 03 | ||
| 974 | |a Katarína Repatá |b Rita Zubonyaiová | ||
| 992 | |a AMG |a ASK | ||
| 999 | |c 301999 |d 301999 | ||